| 000 | 00629nam a2200217 a 4500 | ||
|---|---|---|---|
| 005 | 20140310183341.0 | ||
| 008 | 051124s19uu xx 00 eng d | ||
| 020 | _a0781782775 | ||
| 050 |
_aRT 41 _b.Sm38 2005 |
||
| 100 | _aTimby, Barbara K. | ||
| 245 |
_aIntroductory medical-surgical nursing / _cBarbara K. Timby and nancy E. Smith. |
||
| 250 | _a8th ed. | ||
| 260 |
_aPhiladelphia : _bLippincott Williams & Wilkins, _c2005. |
||
| 300 |
_axxii, 1271 p. : _bill.; _c26 cm. |
||
| 521 | _aNUR | ||
| 650 | _aNursing. | ||
| 650 | _aSurgical nursing. | ||
| 700 | _aSmith, Nancy E. | ||
| 942 |
_cBK _2lcc _kFOR |
||
| 999 |
_c21811 _d21811 |
||